Branching Random Walks École d'Été de Probabilités de Saint-Flour XLII – 2012 /

Providing an elementary introduction to branching random walks, the main focus of these lecture notes is on the asymptotic properties of one-dimensional discrete-time supercritical branching random walks, and in particular, on extreme positions in each generation, as well as the evolution of these p...

Πλήρης περιγραφή

Λεπτομέρειες βιβλιογραφικής εγγραφής
Κύριος συγγραφέας: Shi, Zhan (Συγγραφέας)
Συγγραφή απο Οργανισμό/Αρχή: SpringerLink (Online service)
Μορφή: Ηλεκτρονική πηγή Ηλ. βιβλίο
Γλώσσα:English
Έκδοση: Cham : Springer International Publishing : Imprint: Springer, 2015.
Έκδοση:1st ed. 2015.
Σειρά:Lecture Notes in Mathematics, 2151
Θέματα:
Διαθέσιμο Online:Full Text via HEAL-Link
LEADER 02537nam a22004815i 4500
001 978-3-319-25372-5
003 DE-He213
005 20160205161412.0
007 cr nn 008mamaa
008 160204s2015 gw | s |||| 0|eng d
020 |a 9783319253725  |9 978-3-319-25372-5 
024 7 |a 10.1007/978-3-319-25372-5  |2 doi 
040 |d GrThAP 
050 4 |a QA273.A1-274.9 
050 4 |a QA274-274.9 
072 7 |a PBT  |2 bicssc 
072 7 |a PBWL  |2 bicssc 
072 7 |a MAT029000  |2 bisacsh 
082 0 4 |a 519.2  |2 23 
100 1 |a Shi, Zhan.  |e author. 
245 1 0 |a Branching Random Walks  |h [electronic resource] :  |b École d'Été de Probabilités de Saint-Flour XLII – 2012 /  |c by Zhan Shi. 
250 |a 1st ed. 2015. 
264 1 |a Cham :  |b Springer International Publishing :  |b Imprint: Springer,  |c 2015. 
300 |a X, 133 p. 8 illus., 6 illus. in color.  |b online resource. 
336 |a text  |b txt  |2 rdacontent 
337 |a computer  |b c  |2 rdamedia 
338 |a online resource  |b cr  |2 rdacarrier 
347 |a text file  |b PDF  |2 rda 
490 1 |a Lecture Notes in Mathematics,  |x 0075-8434 ;  |v 2151 
505 0 |a I Introduction -- II Galton–Watson trees -- III Branching random walks and martingales -- IV The spinal decomposition theorem -- V Applications of the spinal decomposition theorem -- VI Branching random walks with selection -- VII Biased random walks on Galton–Watson trees -- A Sums of i.i.d. random variables -- References. 
520 |a Providing an elementary introduction to branching random walks, the main focus of these lecture notes is on the asymptotic properties of one-dimensional discrete-time supercritical branching random walks, and in particular, on extreme positions in each generation, as well as the evolution of these positions over time. Starting with the simple case of Galton-Watson trees, the text primarily concentrates on exploiting, in various contexts, the spinal structure of branching random walks. The notes end with some applications to biased random walks on trees. . 
650 0 |a Mathematics. 
650 0 |a Probabilities. 
650 1 4 |a Mathematics. 
650 2 4 |a Probability Theory and Stochastic Processes. 
710 2 |a SpringerLink (Online service) 
773 0 |t Springer eBooks 
776 0 8 |i Printed edition:  |z 9783319253718 
830 0 |a Lecture Notes in Mathematics,  |x 0075-8434 ;  |v 2151 
856 4 0 |u http://dx.doi.org/10.1007/978-3-319-25372-5  |z Full Text via HEAL-Link 
912 |a ZDB-2-SMA 
912 |a ZDB-2-LNM 
950 |a Mathematics and Statistics (Springer-11649)